000 01257cam a2200361 a 4500
001 5927
003 FISKH
005 20250207151118.0
008 880126s1989 nyua j 000 1 eng
010 _a 88000491
020 _a0698206363
020 _a9780440404385
040 _aDLC
_cDLC
_dDLC
_beng
042 _alcac
050 _a PZ7.S5299 N
082 _a813.54
100 1 _aSharmat, Marjorie Weinman.
_d(1928–2019)
245 1 0 _aNate the Great goes down in the dumps /
_cby Marjorie Weinman Sharmat ; illustrated by Marc Simont.
250 _aThis edition first published in 1989
260 _aNew York :
_bCoward-McCann,
_c1989.
300 _a48 pages :
_bcolor illustrations ;
_c20 cm.
490 0 _aA Break-of-day book
504 _aL
520 _aWhen Rosamond looks into her crystal ball to read Nate the Great's future, she sees a new case for him to solve--her money box is missing and she wants him to find it.
521 8 _a510
_bLexile
521 8 _aL
_bRaz-PLus
650 1 _aMystery and detective stories.
_2Detective stories
650 1 _aNate the Great
_2Grade 2
700 1 _aSimont, Marc,
_eillustrator
906 _a7
_bcbc
_corignew
_d1
_eocip
_f19
_gy-gencatlg
942 _2ddc
_cBK
_n0
999 _c5927
_d5927